Talk : (Record no. 42720)
[ view plain ]
| 000 -LEADER | |
|---|---|
| fixed length control field | 01000cam a22002654a 4500 |
| 001 - CONTROL NUMBER | |
| control field | 13880422 |
| 005 - DATE AND TIME OF LATEST TRANSACTION | |
| control field | 20180216032558.0 |
| 008 - FIXED-LENGTH DATA ELEMENTS--GENERAL INFORMATION | |
| fixed length control field | 050223s2006 ctua j b 001 0 eng |
| 010 ## - LIBRARY OF CONGRESS CONTROL NUMBER | |
| LC control number | 2005005243 |
| 020 ## - INTERNATIONAL STANDARD BOOK NUMBER | |
| International Standard Book Number | 1884158323 (alk. paper) |
| 020 ## - INTERNATIONAL STANDARD BOOK NUMBER | |
| International Standard Book Number | 9781884158322 (alk. paper) |
| 035 ## - SYSTEM CONTROL NUMBER | |
| System control number | (OCoLC)ocm57893945 |
| 040 ## - CATALOGING SOURCE | |
| Original cataloging agency | DLC |
| Transcribing agency | DLC |
| Modifying agency | BAKER |
| -- | IJC |
| -- | ILC |
| -- | C#P |
| -- | BTCTA |
| -- | QBX |
| -- | DLC |
| 041 ## - LANGUAGE CODE | |
| Language code of text/sound track or separate title | eng |
| 042 ## - AUTHENTICATION CODE | |
| Authentication code | pcc |
| -- | lcac |
| 080 ## - UNIVERSAL DECIMAL CLASSIFICATION NUMBER | |
| Universal Decimal Classification number | 158.0835 CAR |
| 082 00 - DEWEY DECIMAL CLASSIFICATION NUMBER | |
| Classification number | 158.0835 CAR |
| Edition number | 22 |
| 100 1# - Rafti | |
| Rafti | 48 |
| 101 ## - Shkurtesa | |
| Shkurtesa | PSI |
| 245 10 - TITLE STATEMENT | |
| Title | Talk : |
| Statement of responsibility, etc | Dale Carlson ; foreword by Kishore Khairnar ; pictures by Carol Nicklaus. |
| 504 ## - BIBLIOGRAPHY, ETC. NOTE | |
| Bibliography, etc | Includes bibliographical references (p. [141]-144) and index. |
| 906 ## - LOCAL DATA ELEMENT F, LDF (RLIN) | |
| a | 7 |
| b | cbc |
| c | orignew |
| d | 1 |
| e | ecip |
| f | 20 |
| g | y-gencatlg |
| 942 ## - ADDED ENTRY ELEMENTS (KOHA) | |
| Source of classification or shelving scheme | |
| Item type | Books |
| Withdrawn status | Lost status | Source of classification or shelving scheme | Damaged status | Not for loan | Collection code | Permanent location | Current location | Shelving location | Date acquired | Total Checkouts | Full call number | Barcode | Date last seen | Price effective from | Koha item type |
|---|---|---|---|---|---|---|---|---|---|---|---|---|---|---|---|
| Koleksioni i përgjithshem | UBT - Lipjan | UBT - Lipjan | Koleksioni i përgjithshem | 02/16/2018 | 158.0835 CAR | 002-2998404 | 02/16/2018 | 02/16/2018 | Books | ||||||
| Koleksioni i përgjithshem | UBT - Lipjan | UBT - Lipjan | Koleksioni i përgjithshem | 02/16/2018 | 158.0835 CAR | 002-2998403 | 02/16/2018 | 02/16/2018 | Books | ||||||
| Koleksioni i përgjithshem | UBT - Lipjan | UBT - Lipjan | Koleksioni i përgjithshem | 02/16/2018 | 158.0835 CAR | 002-2998408 | 02/16/2018 | 02/16/2018 | Books | ||||||
| Koleksioni i përgjithshem | UBT - Lipjan | UBT - Lipjan | Koleksioni i përgjithshem | 02/16/2018 | 158.0835 CAR | 002-2998413 | 02/16/2018 | 02/16/2018 | Books | ||||||
| Koleksioni i përgjithshem | UBT - Lipjan | UBT - Lipjan | Koleksioni i përgjithshem | 02/16/2018 | 158.0835 CAR | 002-2998418 | 02/16/2018 | 02/16/2018 | Books | ||||||
| Koleksioni i përgjithshem | UBT - Lipjan | UBT - Lipjan | Koleksioni i përgjithshem | 02/16/2018 | 158.0835 CAR | 002-2998423 | 02/16/2018 | 02/16/2018 | Books | ||||||
| Koleksioni i përgjithshem | UBT - Lipjan | UBT - Lipjan | Koleksioni i përgjithshem | 02/16/2018 | 158.0835 CAR | 002-2998428 | 02/16/2018 | 02/16/2018 | Books | ||||||
| Koleksioni i përgjithshem | UBT - Lipjan | UBT - Lipjan | Koleksioni i përgjithshem | 02/16/2018 | 158.0835 CAR | 002-2998433 | 02/16/2018 | 02/16/2018 | Books | ||||||
| Koleksioni i përgjithshem | UBT - Lipjan | UBT - Lipjan | Koleksioni i përgjithshem | 02/16/2018 | 158.0835 CAR | 002-2998438 | 02/16/2018 | 02/16/2018 | Books | ||||||
| Koleksioni i përgjithshem | UBT - Lipjan | UBT - Lipjan | Koleksioni i përgjithshem | 02/16/2018 | 158.0835 CAR | 002-2998443 | 02/16/2018 | 02/16/2018 | Books | ||||||
| Koleksioni i përgjithshem | UBT - Lipjan | UBT - Lipjan | Koleksioni i përgjithshem | 02/16/2018 | 158.0835 CAR | 002-2998448 | 02/16/2018 | 02/16/2018 | Books | ||||||
| Koleksioni i përgjithshem | UBT - Lipjan | UBT - Lipjan | Koleksioni i përgjithshem | 02/16/2018 | 158.0835 CAR | 002-2998453 | 02/16/2018 | 02/16/2018 | Books | ||||||
| Koleksioni i përgjithshem | UBT - Lipjan | UBT - Lipjan | Koleksioni i përgjithshem | 02/16/2018 | 158.0835 CAR | 002-2998458 | 02/16/2018 | 02/16/2018 | Books |